Top 20 buteurs de la sélection allemande jusqu'en 2024 - Statistiques

Statistiques générales
  • Ce quiz a été pris 94 fois
  • Le résultat moyen est 6 sur 20
Statistiques - réponses
Hint Réponse % Correct
68 Gerd Müller
99%
45 Thomas Müller
99%
71 Miroslav Klose
90%
31 Mario Gómez
61%
49 Lukas Podolski
42%
23 Mesut Özil
39%
42 Michael Ballack
39%
47 Rudi Völler
35%
24 Timo Werner
32%
24 Bastian Schweinsteiger
31%
45 Karl-Heinz Rummenigge
23%
47 Jürgen Klinsmann
20%
37 Oliver Bierhoff
9%
29 Andreas Möller
5%
43 Uwe Seeler
5%
32 Klaus Fischer
1%
27 Edmund Conen
0%
31 Ernst Lehner
0%
33 Fritz Walter
0%
23 Richard Hofmann
0%
Aucun quiz correspondant
Distribution des résultats
% des personnes avec chaque résultat
Percentile par nombre de réponses
Votre historique - résultats
Vous n’avez pas pris ce quiz